000
00264nam a2200109Ia 4500
008
221009s9999 xx 000 0 und d
082
_a
823/MAJ
100
_a
Majumdar, Gopa
245
0
_a
In The Same Boat
260
_b
Ubs Publishers Distributors Ltd.
942
_c
BK
999
_c
64819
_d
64819